¿Qué hacen los educadores físicos?
Guardat en:
| Autor principal: | |
|---|---|
| Altres autors: | , |
| Format: | Llibre |
| Idioma: | Spanish |
| Publicat: |
Bogotá :
Universidad Pedagógica Nacional : CIUP,
2013.
|
| Matèries: | |
| Accés en línia: | Enlace del recurso |
| Etiquetes: |
Afegir etiqueta
Sense etiquetes, Sigues el primer a etiquetar aquest registre!
|
MARC
| LEADER | 00000nam a2200000 a 4500 | ||
|---|---|---|---|
| 003 | OSt | ||
| 005 | 20160903092737.0 | ||
| 008 | 140530s2013 ck gr 00010 spa d | ||
| 020 | |a 9789588650494 | ||
| 040 | |b spa |c CO-BoIIE | ||
| 082 | 0 | 4 | |a 796.07 |b A68q |
| 100 | 1 | |a Arenas Molina, Martha. |9 1616 | |
| 245 | 1 | 0 | |a ¿Qué hacen los educadores físicos? |c Martha Aleida Arenas Molina, Sonia López Domínguez, Luis Carlos Pérez Ferro. |
| 260 | |a Bogotá : |b Universidad Pedagógica Nacional : |b CIUP, |c 2013. | ||
| 300 | |a 58 p. ; | ||
| 650 | 4 | |a Educación física |x Enseñanza. |9 1617 | |
| 650 | 4 | |a Formación profesional de maestros de educación física. |9 1618 | |
| 650 | 4 | |a Educación física |v Currículo. |9 1619 | |
| 700 | 1 | |a López Domínguez, Sonia. |9 1620 | |
| 700 | 1 | |a Pérez Ferro, Luis Carlos. |9 1621 | |
| 942 | |2 ddc |c BK | ||
| 949 | |a n |b n | ||
| 999 | |c 5057 |d 5057 | ||
| 856 | |u https://catalogo.idep.edu.co/cgi-bin/koha/opac-detail.pl?biblionumber=5057 |z Enlace del recurso | ||